| 000 | 00594nam a22002297a 4500 | ||
|---|---|---|---|
| 005 | 20160125110204.0 | ||
| 008 | 071025s2008 nyua 001 0 eng | ||
| 020 | _a9780071492478 | ||
| 020 | _a007149247X | ||
| 041 | 0 | _aeng | |
| 080 | _a004.2 | ||
| 100 | 1 | _aPetersen, Richard, | |
| 245 | 1 | 0 |
_aLinux : _cRichard Petersen. |
| 250 | _a6th ed. | ||
| 260 |
_aNew York : _bMcGraw-Hill, _c2008. |
||
| 300 |
_a830 f. : _bme il.; _c24 cm. |
||
| 505 | _aIndex: f. 787 - 830 | ||
| 630 | 0 | 0 | _aLinux. |
| 650 | 0 | _aKompjuterat | |
| 650 | 0 | _aSistemi operativ | |
| 942 |
_2udc _cBK |
||
| 999 |
_c569 _d569 |
||